000 00435cam a2200181ua 4500
020 _cRs. 18.00
041 _amal
_h
082 _a632
_bSHA/SA
100 _aShanmugham, S N .
245 _aSasy samrakshana thathwangal
260 _aThiruvananthapuram :
_bState Instititute of Languages ,
_c1974.
300 _a480 ; .
365 _aRs. 18.00
504 _a
650 _aBotany
942 _cBK
999 _c526
_d526